Qaṣr Ibrīm in the Ottoman period : Turkish and further Arabic documents /

Saved in:

Main Author: Hinds, Martin (Author)

Other Authors: Ménage, V. L.

Format: Book

Language: English
Arabic

Series: Egypt Exploration Society ; 11.
EES ; 11.

Subjects:

Tags: Add Tag

No Tags, Be the first to tag this record!

Call Number: ( F )DT57 .E325 v.11

LEADER 01851namaa2200445 4500
001 16960
003 OSt
005 20210303085048.0
008 130303s1991 enkab g b 001 0 eng d
952 |0 0  |1 0  |2 lcc  |3 V.11  |4 0  |7 1  |9 10793  |a ARCE  |b ARCE  |d 2021-03-03  |l 0  |o ( F )DT57 .E325 v.11  |p 1017380  |r 2021-03-03 00:00:00  |w 2021-03-03  |y BK 
999 |c 19336  |d 19336 
010 |a 93118078 
020 |a 0856981109 
040 |c ARCE Library 
041 1 |a eng  |a ara  |a ott  |h ara  |h ott 
043 |a f-ua--- 
050 0 4 |a ( F )DT57 .E325 v.11 
100 1 |a Hinds, Martin,  |e author  |9 32094 
245 1 0 |a Qaṣr Ibrīm in the Ottoman period :  |b Turkish and further Arabic documents /  |c by Martin Hinds, Victor Ménage. 
264 1 |a London :  |b Egypt Exploration Society,  |c 1991. 
300 |a xiii, 134, 16 pages :  |b illustrations, maps ;  |c 32 cm. 
336 |a text  |b txt  |2 rdacontent 
337 |a unmediated  |b n  |2 rdamedia 
338 |a volume  |b nc  |2 rdacarrier 
490 1 |a Egypt Exploration Society ;   |v 11. 
490 1 |a EES ;   |v 11. 
500 |a Includes texts in Arabic and Ottoman Turkish (the latter also romanized) with English translations and commentary. 
500 |a The first pt. of this study was published as : Arabic documents from the Ottoman period from Qaṣr Ibrīm (London : Egypt Exploration Society, 1986) 
504 |a Includes bibliographical references (page xi) and indexes. 
610 2 0 |a Matḥaf al-Fann al-Islāmī (Cairo, Egypt) 
650 0 |a Manuscripts, Arabic  |z Egypt  |z Ibrīm. 
650 0 |a Manuscripts, Turkish  |z Egypt  |z Ibrīm. 
651 0 |a Ibrīm (Egypt)  |x History  |v Sources. 
700 1 |a Hinds, Martin,  |9 32094 
700 1 |a Ménage, V. L. 
730 0 |a Arabic documents from the Ottoman period from Qaṣr Ibrīm. 
830 0 |a Egypt Exploration Society ;   |v 11. 
830 0 |a EES ;   |v 11. 
901 |a reviewed 
942 |c BK  |2 lcc